NFL: Top 3 Most Interceptions in Each Draft Round (2014) - Statistics

General Stats
  • This quiz has been taken 8 times
    4 since last reset
  • The average score is 8 of 26
Answer Stats
Round # Player INTs College % Correct
Fifth Round 144th Telvin Smith 9 Florida State
100%
First Round 17th C.J. Mosley 12 Alabama
50%
Second Round 40th Kyle Van Noy 3 BYU
50%
Third Round 73rd Preston Brown 5 Louisville
50%
Undrafted N/A Adrian Phillips 11 Texas
25%
Seventh Round 216th Andre Hal 12 Vanderbilt
25%
Sixth Round 182nd Antone Exum 1 Virginia Tech
25%
Fifth Round 151st Avery Williamson 4 Kentucky
25%
Fourth Round 102nd Bashaud Breeland 16 Clemson
25%
Sixth Round 195th Brandon Dixon 1 Northwest Missouri State
25%
Third Round 71st Christian Kirksey 6 Iowa
25%
Undrafted N/A Daniel Sorensen 14 BYU
25%
Second Round 34th DeMarcus Lawrence 2 Boise State
25%
Sixth Round 188th E.J. Gaines 4 Missouri
25%
First Round 21st Ha Ha Clinton-Dix 16 Alabama
25%
Sixth Round 180th Kenneth Acker 4 SMU
25%
Second Round 60th Kony Ealy 2 Missouri
25%
First Round 14th Kyle Fuller 19 Virginia Tech
25%
Second Round 41st Lamarcus Joyner 7 Florida State
25%
Undrafted N/A Malcolm Butler 17 West Alabama
25%
Fourth Round 127th Pierre Desir 10 Lindenwood / Washburn
25%
Fifth Round 147th Ricardo Allen 11 Purdue
25%
Seventh Round 254th Terrance Mitchell 9 Oregon
25%
Third Round 79th Terrence Brooks 5 Florida State
25%
Seventh Round 219th T.J. Carrie 7 Ohio
25%
Fourth Round 128th Tre Boston 15 North Carolina
25%
No matching quizzes found
Score Distribution
Percent of People with Each Score
Percentile by Number Answered
Your Score History
You have not taken this quiz since the last reset